000
00245nam a2200097Ia 4500
008
230508s2000 xx 000 0 und d
041
_a
eng
100
_a
PARKER
245
_a
500 SOLUTIONS OF PROBLEMS IN ELECT.ENGG
260
_b
C.B.S. PUBLI.
_c
2000
999
_c
322920
_d
322920